កន្លែននេសាទបំរុងទុកខេត្ត ពោធន៍សាត់ នៅរំាងទិល និងដីរនាត. (Record no. 3544)

000 -LEADER
fixed length control field 00541nam a22001577a 4500
003 - CONTROL NUMBER IDENTIFIER
control field OSt
005 - DATE AND TIME OF LATEST TRANSACTION
control field 20151117152854.0
008 - FIXED-LENGTH DATA ELEMENTS--GENERAL INFORMATION
fixed length control field 151117b xxu||||| |||| 00| 0 eng d
040 ## - CATALOGING SOURCE
Transcribing agency RUA
082 ## - DEWEY DECIMAL CLASSIFICATION NUMBER
Classification number FIS ឡេង​ 1992 B146 Or.1
100 ## - MAIN ENTRY--PERSONAL NAME
9 (RLIN) 3811
Personal name ឡេង សំអាត
245 ## - TITLE STATEMENT
Title កន្លែននេសាទបំរុងទុកខេត្ត ពោធន៍សាត់ នៅរំាងទិល និងដីរនាត.
260 ## - PUBLICATION, DISTRIBUTION, ETC. (IMPRINT)
Place of publication, distribution, etc. Phnom Penh
Name of publisher, distributor, etc. RUA
Date of publication, distribution, etc. 1992
300 ## - PHYSICAL DESCRIPTION
Extent 96p.
Other physical details ill.
Dimensions 29cm.
942 ## - ADDED ENTRY ELEMENTS (KOHA)
Source of classification or shelving scheme
Koha item type FIS
Holdings
Price effective from Date last seen Permanent Location Not for loan Date acquired Source of classification or shelving scheme Koha item type Barcode Lost status Damaged status Shelving location Withdrawn status Current Location Full call number
2015-11-172015-11-17Library Block B 2015-11-17 FISRUA035273  B146 Library Block BFIS ឡេង​ 1992 B146 Or.1
2015-11-172015-11-17Library Block B 2015-11-17 FISRUA020658  B146 Library Block BFIS ឡេង​ 1992 B146 Or.2
2015-11-172015-11-17Library Block B 2015-11-17 FISRUA020586  B146 Library Block BFIS ឡេង​ 1992 B146 Or.3
2015-11-172015-11-17Library Block B 2015-11-17 FISRUA020514  B146 Library Block BFIS ឡេង​ 1992 B146 Or.4
2015-11-172015-11-17Library Block B 2015-11-17 FISRUA020581  B146 Library Block BFIS ឡេង​ 1992 B146 Or.5
2015-11-172015-11-17Library Block B 2015-11-17 FISRUA020640  B146 Library Block BFIS ឡេង​ 1992 B146 Or.6
2015-11-172015-11-17Library Block B 2015-11-17 FISRUA020436  B146 Library Block BFIS ឡេង​ 1992 B146 Or.7
មជ្ឈមណ្ឌលឯការនៃសាកលវិទ្យាល័យភូមិន្ទកសិកម្មចំការដូង

Powered by Koha